000
00321nam a2200133Ia 4500
008
230818s2002 xx 000 0 und d
041
_a
eng
100
_a
Clarkson`s
245
_a
Asian Flavours
260
_b
Himalaya Pub.
_c
2002
300
_a
128p
520
_a
Hard Board | Reference Copy
999
_c
855237
_d
855237
650
_a
Food Production